000 01623cab a2200277 ab4500
005 20250826134157.0
008 991125c2016 mx qr p o 000 0 spa d
035 _aUPN01000235348
040 _aMX-MxUPN
_bspa
_cMX-MxUPN
_eaacr2
049 _aART-E
100 1 _aBarroso, Guadalupe
_6- guadalupe.barroso@colegiobrotmadrid.es
100 1 _aArenas, Marta
245 1 0 _aPedagogía terapéutica dentro del aula :
_blo que funciona fuera puede mejorar dentro del aula
_h[recurso electrónico en línea]
506 0 _aAcceso abierto
520 3 _aEl conocimiento compartido y el aprendizaje colaborativo son conceptos cada vez más ensalzados y demandados en las instituciones y en las empresas, de ahí que la apuesta sea cultivar y fomentar estos valores en la escuela. En esa línea, planteamos la docencia compartida, la gestión conjunta del aula por parte del profesor y del maestro de Pedagogía Terapéutica, como estrategia básica y un planteamiento coherente hacia una escuela realmente inclusiva. A partir de aquí, y tras cuatro años de experiencia el artículo expone las ventajas de este modelo de trabajo. Padres y maestros
650 4 _aProblemas de aprendizaje
_95379
653 0 _aPedagogía terapéutica
653 0 _aAprendizaje colaborativo
653 0 _aDocencia compartida
773 _gNo. 365, (2016), p. 49-54
_tRevista padres y maestros 
_x2255-1042
856 4 _uhttps://revistas.comillas.edu/index.php/padresymaestros/article/view/6687/6486
856 4 _uhttps://doi.org/10.14422/pym.i365.y2016.007
902 _aLeonor Sotres/260825
905 _aArticulo
942 _cART-E
999 _c207443
_d207443